000 01212nam a22002657a 4500
005 20170124103111.0
010 _aB-155924
020 _c60.00
035 _aB-155924
037 _bCen Lib/Ret
040 _aDPL
_bHN
082 _a338.4791
_bगुप्तापा
100 _aगुप्ता, पापिया दास
_910169
245 _aपर्यटन एक अध्य्यन /
_cपापिया दास गुप्ता
246 _aParytan ek adhyyan /
_bby Papiya Das Gupta
260 _aभोपाल
_bमध्यप्रदेश हिन्दी ग्रन्थ अकादमी
_c2004
270 _bमध्य प्रदेश
_aरवीन्द्रनाथ ठाकुर मार्ग, बानगंगा
_e462 003
300 _a190पृ.
_c20सेमी(अजिल्द)
500 _aसंदर्भ शामिल
650 _aपर्यटन -- महत्त्व
_979922
650 _aपर्यटन -- पर्यावरण
_979923
650 _aTourism - Importance
_979924
650 _aTourism - Environment
_979925
942 _2ddc
_cHN
_h338.4791
_mगुप्तापा
999 _c118395
_d118395